| 000 | 02345nam a2200289Ia 4500 | ||
|---|---|---|---|
| 999 |
_c54464 _d54464 |
||
| 001 | 21526 | ||
| 003 | GE_BSU | ||
| 005 | 20211130163236.0 | ||
| 008 | 181216s2017||||ge |||||||||||||| ||geo|| | ||
| 020 | _a9789941270680 | ||
| 040 | _cGE_BSU | ||
| 041 | _ageo | ||
| 080 | _a638.24(479.23) ნ-63 | ||
| 100 |
_aნიკოლეიშვილი, გ. _913128 |
||
| 245 |
_aაჭარის მეაბრეშუმეობა - პრობლემები, განვითარების სტრატეგია : _bმონოგრაფია / _cგ. ნიკოლეიშვილი, ე. შაფაქიძე ; რედ. ნოდარ ჭითანავა. |
||
| 264 |
_aთბილისი-ბათუმი : _b[გ.გ], _c2017. |
||
| 300 |
_a229 გვ. : _bილ. ; _c29 სმ. _eცხრ. |
||
| 500 | _aმონოგრაფია განკუთვნილია ფერმერების, სოფლის მეურნეობაში დასაქმებული პრაქტიკოსი მცირე მეწარმეების, მეაბრეშუმეობის დარგის ბაკალავრების, მაგისტრანტების, დოქტორანტების, მეცნიერების და ყველა მათთვის, რომლებსაც გული შესტკივათ ქართულ აბრეშუმზე | ||
| 541 | _h7ლ.50თ. | ||
| 546 | _aპარალელური თავფურცელი ინგლისურ ენაზე | ||
| 653 | _aაჭარის მეაბრეშუმეობა - პრობლემები, განვითარების სტრატეგია | ||
| 653 | _aსოფლის მეურნეობა | ||
| 700 |
_aშაფაქიძე, ე. _eავტორი _913129 |
||
| 700 |
_aჭითანავა, ნოდარ _eრედაქტორი _9802 |
||
| 710 |
_aსაქართველოს სოფლის მეურნეობის მეცნიერებათა აკადემია _eაჭარის სოფლის მეურნეობის სამინისტრო _913130 |
||
| 942 |
_cBK _2udc |
||